=LDR 00000nam 2200000 4500 =001 INLIS000000000038713 =005 20130612144357 =008 ***********************************Ind** =035 ##$$0010-061300000038713 =041 ##$$a Ind =082 ##$$a 951 =090 ##$$a 951, Zho i =100 ##$$a Zhou, Chuncai =245 ##$$a the ilustrated book of Lauzi, Kisah klasik china, Zhou Chunvai; Editor, Li Shujnan =260 ##$$a 2008 $b Jakarta =300 ##$$a vii,226 hlm, Ilus, 24 cm =650 ##$$a Kebudayaan Cina =700 ##$$a Li Shujuan =850 ##$$a NBPNMAT